000 00792nam a2200229 i 4500
001 14903
003 ES-MaACL
005 20230906150930.0
007 t|
008 991117s1996 sp ||||1| spa d
080 _a75 Porion, Charles
100 1 _aDonoso Guerrero, Rosa.
_945343
245 1 0 _aRetrato de Isabel II por Charles Porion
_b: restauración de una pintura del Museo Romántico /
_c[Rosa Donoso, Mª Luisa Menéndez, Javier Bacariza].
260 _aMadrid :
_bMuseo Romántico,
_c1996.
300 _a78 p. :
_bil. ;
_c21 cm.
504 _aBibliografía: p. 78.
600 1 4 _aPorion, Charles.
_993131
700 1 _aMenéndez Robles, María Luisa.
_980324
700 1 _aBacariza, Javier.
_924440
710 2 _aMuseo Romántico.
_95922
852 _aES-MaACL
_jL-22119
_bR.127601
999 _c14903
_d14903